00726nam a22002177a 450000500170000001000140001702000260003102000230005703500130008003700130009308200080010610000300011424500680014426000330021227000420024530000290028765000200031694200220033699900170035895201330037520100804155746.0 aENG-98056 a9788184300598c250.00 a818430059Xc250.00 aEN-81589 bDBAD/PUB a921 aMishra, Vinod Kumar96198 aAlbert Einsten :bthe life of a genius /cby Vinod Kumar Mishra aNew DelhibOcean Booksc2008 a4/19 Asaf Ali RoadbNew Delhie110002 a220p.c22cm (Hb)ephotos aBiography96199 2ddccENh921mMIS c39281d39281 001040718NFICaDBADbDBADd2010-08-04eDBAD/PUBg250.00l0o921 MISpEN-81589r2010-08-04 00:00:00t1v250.00w2010-08-04yEN